Villes de l'Ain par arrondissement - Statistiques

Statistiques générales
  • Ce quiz a été pris 87 fois
  • Le résultat moyen est 10 sur 20
Statistiques - réponses
Ville Population % Correct
Bourg-en-Bresse 41 525
91%
Nantua 3 449
85%
Gex 13 078
84%
Oyonnax 22 277
82%
Belley 9 239
81%
Ambérieu-en-Bugey 14 854
72%
Valserhône 16 295
55%
Viriat 6 808
54%
Ferney-Voltaire 10 920
51%
Saint-Genis-Pouilly 14 558
48%
Divonne-les-Bains 10 137
45%
Meximieux 8 085
40%
Montréal-la-Cluse 3 541
37%
Miribel 10 225
34%
Lagnieu 7 268
30%
Trévoux 6 947
30%
Plateau d'Hauteville 4 807
27%
Montluel 6 838
25%
Bellignat 3 636
24%
Prévessin-Moëns 9 063
22%
Aucun quiz correspondant
Distribution des résultats
% des personnes avec chaque résultat
Percentile par nombre de réponses
Votre historique - résultats
Vous n’avez pas pris ce quiz